000 00296nam a2200133Ia 4500
005 20251222155102.0
008 251222s9999||||xx |||||||||||||| ||spa||
082 _aFIL. 07.3
100 _aPLATON,
245 0 _aEl Banquete Fedón Fedro
250 _a1ra. ed.
264 _bOrbis
942 _cLIB
999 _c37693
_d37693